MARC details
| 000 -CABECERA |
| campo de control de longitud fija |
02946nam a2200409 i 4500 |
| 001 - NÚMERO DE CONTROL |
| campo de control |
000022454 |
| 003 - IDENTIFICADOR DEL NÚMERO DE CONTROL |
| campo de control |
DO-SdBNP |
| 005 - FECHA Y HORA DE LA ÚLTIMA TRANSACCIÓN |
| campo de control |
20260312122946.0 |
| 007 - CAMPO FIJO DE DESCRIPCIÓN FÍSICA--INFORMACIÓN GENERAL |
| campo de control de longitud fija |
ta |
| 008 - DATOS DE LONGITUD FIJA--INFORMACIÓN GENERAL |
| campo de control de longitud fija |
101011s2005 dr r 000 0 spa d |
| 020 ## - NÚMERO INTERNACIONAL ESTÁNDAR DEL LIBRO |
| Número Internacional Estándar del Libro |
9945853503 |
| 040 ## - FUENTE DE LA CATALOGACIÓN |
| Centro catalogador/agencia de origen |
DO-SdBNP |
| Lengua de catalogación |
spa |
| Centro/agencia transcriptor |
BNPHU |
| Normas de descripción |
rda |
| 041 ## - CÓDIGO DE LENGUA |
| Código de lengua del texto/banda sonora o título independiente |
spa |
| 082 #4 - NÚMERO DE LA CLASIFICACIÓN DECIMAL DEWEY |
| Número de clasificación |
305.8 |
| Número de documento/Ítem |
A188r |
| Número de edición |
22 |
| 245 03 - MENCIÓN DE TÍTULO |
| Título |
La actitud racial en República Dominicana / |
| Mención de responsabilidad, etc. |
prólogo, José Rafael Núñez. |
| 264 ## - PRODUCCIÓN, PUBLICACIÓN, DISTRIBUCIÓN, FABRICACIÓN Y COPYRIGHT |
| Producción, publicación, distribución, fabricación y copyright |
Santo Domingo : |
| Nombre del de productor, editor, distribuidor, fabricante |
SJRM |
| Fecha de producción, publicación, distribución, fabricación o copyright |
2005. |
| 300 ## - DESCRIPCIÓN FÍSICA |
| Extensión |
196 páginas ; |
| Dimensiones |
23 cm. |
| 336 ## - TIPO DE CONTENIDO |
| Término de tipo de contenido |
texto |
| Código de tipo de contenido |
txt |
| Fuente |
rdacontent |
| 337 ## - TIPO DE MEDIO |
| Nombre/término del tipo de medio |
sin mediación |
| Código del tipo de medio |
n |
| Fuente |
rdamedia |
| 338 ## - TIPO DE SOPORTE |
| Nombre/término del tipo de soporte |
volumen |
| Código del tipo de soporte |
nc |
| Fuente |
rdacarrier |
| 490 1# - MENCIÓN DE SERIE |
| Mención de serie |
Relación Domínico-Haitianas ; |
| 490 1# - MENCIÓN DE SERIE |
| Mención de serie |
Serie |
| Designación de volumen o secuencia |
5 |
| 500 ## - NOTA GENERAL |
| Nota general |
Incluye índice de cuadros |
| 500 ## - NOTA GENERAL |
| Nota general |
Incluye referencias bibliográficas y notas al pie de las páginas |
| 505 0# - NOTA DE CONTENIDO CON FORMATO |
| Nota de contenido con formato |
• Prólogo -- Resumen ejecutivo -- INTRODUCCIÓN -- Contexto -- Aspectos metodológicos -- Descripción de escenarios: Santo Domingo y Dajabón -- Caracterización de actores-as -- Productos de la investigación -- Análisis e informe -- ENFOQUE DE LA ACTITUD RACIAL EN EL MARCO DE LOS DERECHOS HUMANOS -- ¿Con qué derecho? -- La raza en República Dominicana -- Tres grupos migratorios -- Declaración contra el racismo, la discriminación racial, la xenofobia y las formas conexas de intolerancia -- Graves violaciones de los derechos humanos -- Causas y víctimas del racismo (...) -- Diversidad -- Medidas -- Convención Internacional sobre la Eliminación de todas las Formas de Discrimación Racial -- Toda distinción -- El Comité para la Eliminación de la Discriminación Racial --Conclusión -- IDENTIDAD Y ACTITUD RACIAL -- Perspectiva crítica sobre la identidad dominicana -- Autodefinición etno-racial -- Identidad racial y representación social -- Percepción general de los grupos en torno a los valores -- Posición frente a lo racial y actitudes racistas -- Conclusión -- ASPECTOS INSTITUCIONALES Y ACTITUD RACIAL -- El racismo en el sistema escolar -- El racismo y el currículo -- Los(as) docentes -- El prejuicio racial en la familia. Elección de pareja -- La estructura laboral -- La Iglesia -- La justicia y los cuerpos armados -- Conclusión -- EL PREJUICIO DOMINICANO HACIA LOS /LAS HAITIANOS/AS El prejuicio dominicano hacia el/la haitiano/a . |
| 590 ## - NOTA LOCAL (RLIN) |
| Nota local |
Inventariado, 2018/BT |
| 650 #4 - PUNTO DE ACCESO ADICIONAL DE MATERIA--TÉRMINO DE MATERIA |
| Término de materia o nombre geográfico como elemento de entrada |
Discriminación racial |
| Subdivisión geográfica |
República Dominicana |
| 9 (RLIN) |
2280 |
| 650 #4 - PUNTO DE ACCESO ADICIONAL DE MATERIA--TÉRMINO DE MATERIA |
| Término de materia o nombre geográfico como elemento de entrada |
Haitianos en república dominicana |
| 9 (RLIN) |
2246 |
| 650 #4 - PUNTO DE ACCESO ADICIONAL DE MATERIA--TÉRMINO DE MATERIA |
| Término de materia o nombre geográfico como elemento de entrada |
Discriminacion en la educación |
| 9 (RLIN) |
46282 |
| 650 #4 - PUNTO DE ACCESO ADICIONAL DE MATERIA--TÉRMINO DE MATERIA |
| Término de materia o nombre geográfico como elemento de entrada |
Haitianos |
| Subdivisión general |
Condiciones sociales |
| 9 (RLIN) |
46283 |
| 700 1# - PUNTO DE ACCESO ADICIONAL--NOMBRE DE PERSONA |
| Nombre de persona |
Núñez, José Rafael, |
| Término indicativo de función/relación |
prologuista |
| Código de función/relación |
pr. |
| 9 (RLIN) |
46285 |
| 710 1# - PUNTO DE ACCESO ADICIONAL--NOMBRE DE ENTIDAD CORPORATIVA |
| Nombre de entidad corporativa o nombre de jurisdicción como elemento de entrada |
Servicio Jesuita a refugiados y migrantes |
| 9 (RLIN) |
46284 |
| 710 1# - PUNTO DE ACCESO ADICIONAL--NOMBRE DE ENTIDAD CORPORATIVA |
| Nombre de entidad corporativa o nombre de jurisdicción como elemento de entrada |
Servicio Jesuita a Refugiad@s y Migrantes (República Dominicana) |
| 9 (RLIN) |
46286 |
| 830 00 - PUNTO DE ACCESO ADICIONAL DE SERIE-TÍTULO UNIFORME |
| Título uniforme |
Relación Domínico-Haitianas ; |
| Nombre de parte o sección de la obra |
Serie |
| Designación de volumen o secuencia |
5 |
| 9 (RLIN) |
46287 |
| 910 ## - DATOS DE OPCIÓN DEL USUARIO (OCLC) |
| Datos de opción del usuario |
Validado. Control de calidad. MFF |
| 942 ## - ELEMENTOS DE PUNTO DE ACCESO ADICIONAL (KOHA) |
| Fuente del sistema de clasificación o colocación |
Dewey Decimal Classification |
| Tipo de ítem Koha |
Libro |